Normal view MARC view

Entry Topical Term

Number of records used in: 2

001 - CONTROL NUMBER

  • control field: 67025

003 - CONTROL NUMBER IDENTIFIER

  • control field: dpl

005 - DATE AND TIME OF LATEST TRANSACTION

  • control field: 20240529110358.0

008 - FIXED-LENGTH DATA ELEMENTS

  • fixed length control field: 240529|| aca||aabn | a|a d

040 ## - CATALOGING SOURCE

  • Original cataloging agency: dpl
  • Transcribing agency: dpl

150 ## - HEADING--TOPICAL TERM

  • Topical term or geographic name as entry element: Zoology

670 ## - SOURCE DATA FOUND

  • Source citation: Work cat.: (dpl)203348: Dinesh K. P, [et...al.] 67024, A Catalogue Of Amphibia In The Collections Of The Zoological Survey Of India: , 2022

© Delhi Public Library
Hit Counter
free hit counter